000 00819cam a22002411 4500
001 e 35000194
003 DLC
005 20260227111225.0
008 790718s1933 kyu 000 0 eng c
010 _ae 35000194
035 _a(OCoLC)5184047
040 _aU.S. Off. of Educ. Library
_cOCl
_dDLC
042 _apremarc
050 0 0 _aL152
_b.B35 vol. 1, no. 7
110 1 _aKentucky.
_bEducational Commission (1932)
245 0 0 _aSummary of findings and recommendations of the Kentucky Educational commission.
260 _aFrankfort, Ky.,
_bDept. of education,
_c1933.
300 _a48 p.
_c23 cm.
490 0 _aKentucky. Dept. of education. Education bulletin,
_vvol. I, no. 7
500 _aAt head of title: Commonwealth of Kentucky.
650 0 _aEducation
_zKentucky.
650 0 _aPublic schools
_zKentucky.
999 _c21435
_d21435